00627nam a22001937a 4500003000900000008004100009040007100050082001900121100002900140245003700169260003000206300002600236440003800262505003200300650002400332650002100356650004200377650001400419AR-CdUCM190307b ||||| |||| 00| 0 spa d aMUNICIPALIDAD PROVINCIAL DEL CUSCOcBIBLIOTECA MUNICIPAL DEL CUSCO a869.55 /bSE36 aSegura, Manuel Ascensio  aÑa Catita :bLa Saya y Manto / aLima :bUniverso ;c1972. a268 páginas ;c17cm aColección Autores Peruanos n44 aContenido: Comedia en verso aLiteratura peruana  aComedia en verso aLiteratura de la época republicana  aSiglo XIX